[Event "399 Stay Safe Play From Home series"]
[Site "Emanuel Lasker Arena"]
[Date "2020.08.20"]
[Round "1"]
[White "Mepe_Nika"]
[Black "Buzaglo"]
[Result "1-0"]
[WhiteElo "2354"]
[BlackElo "1721"]
[PlyCount "125"]
[EventDate "2020.08.20"]
[EventType "swiss (blitz)"]

1. d4 {[%emt 0:00:04]} d5 {[%emt 0:00:01]} 2. Nf3 {[%emt 0:00:02]} Nf6 {[%emt 0:00:01]} 3. Bf4 {[%emt 0:00:01]} e6 {[%emt 0:00:01]} 4. e3 {[%emt 0:00:01]} Bd6 {[%emt 0:00:01]} 5. Bxd6 {[%emt 0:00:01]} Qxd6 {[%emt 0:00:01]} 6. Nbd2 {[%emt 0:00:04]} Qb4 {[%emt 0:00:02]} 7. Rb1 {[%emt 0:00:02]} O-O {[%emt 0:00:02]} 8. Bd3 {[%emt 0:00:01]} c5 {[%emt 0:00:02]} 9. c3 {[%emt 0:00:01]} Qb6 {[%emt 0:00:02]} 10. O-O {[%emt 0:00:01]} cxd4 {[%emt 0:00:01]} 11. exd4 {[%emt 0:00:02]} Nc6 {[%emt 0:00:01]} 12. Re1 {[%emt 0:00:01]} Bd7 {[%emt 0:00:01]} 13. Ne5 {[%emt 0:00:01]} Rad8 {[%emt 0:00:04]} 14. Qf3 {[%emt 0:00:03]} Qa5 {[%emt 0:00:11]} 15. Qh3 {[%emt 0:00:02]} g6 {[%emt 0:00:02]} 16. Ndf3 {[%emt 0:00:06]} Kg7 {[%emt 0:00:15]} 17. Ng5 {[%emt 0:00:03]} h6 {[%emt 0:00:01]} 18. Ngxf7 {[%emt 0:00:05]} Rxf7 {[%emt 0:00:05]} 19. Nxf7 {[%emt 0:00:00]} Kxf7 {[%emt 0:00:01]} 20. Qxh6 {[%emt 0:00:00]} Rg8 {[%emt 0:00:03]} 21. Re3 {[%emt 0:00:04]} Ne7 {[%emt 0:00:10]} 22. Rf3 {[%emt 0:00:01]} Nf5 {[%emt 0:00:05]} 23. Bxf5 {[%emt 0:00:13]} exf5 {[%emt 0:00:00]} 24. a3 {[%emt 0:00:09]} Ba4 {[%emt 0:00:14]} 25. Qf4 {[%emt 0:00:01]} Bc2 {[%emt 0:00:04]} 26. Re1 {[%emt 0:00:03]} Be4 {[%emt 0:00:01]} 27. Rh3 {[%emt 0:00:02]} Qb6 {[%emt 0:00:10]} 28. f3 {[%emt 0:00:04]} Bd3 {[%emt 0:00:06]} 29. Qe3 {[%emt 0:00:10]} Qd6 {[%emt 0:00:22]} 30. Qxd3 {[%emt 0:00:03]} Nh5 {[%emt 0:00:06]} 31. Rxh5 {[%emt 0:00:03]} gxh5 {[%emt 0:00:01]} 32. Qxf5+ {[%emt 0:00:00]} Qf6 {[%emt 0:00:01]} 33. Qxf6+ {[%emt 0:00:02]} Kxf6 {[%emt 0:00:00]} 34. Re5 {[%emt 0:00:01]} h4 {[%emt 0:00:04]} 35. Rxd5 {[%emt 0:00:01]} Re8 {[%emt 0:00:01]} 36. Re5 {[%emt 0:00:01]} Rd8 {[%emt 0:00:01]} 37. Kf2 {[%emt 0:00:01]} b6 {[%emt 0:00:02]} 38. Rh5 {[%emt 0:00:02]} Re8 {[%emt 0:00:01]} 39. Rxh4 {[%emt 0:00:01]} a6 {[%emt 0:00:03]} 40. Re4 {[%emt 0:00:01]} Rg8 {[%emt 0:00:02]} 41. g4 {[%emt 0:00:01]} Kg5 {[%emt 0:00:02]} 42. Kg3 {[%emt 0:00:01]} Rf8 {[%emt 0:00:01]} 43. h4+ {[%emt 0:00:01]} Kg6 {[%emt 0:00:01]} 44. Re6+ {[%emt 0:00:01]} Kf7 {[%emt 0:00:02]} 45. Rxb6 {[%emt 0:00:01]} Re8 {[%emt 0:00:00]} 46. Rxa6 {[%emt 0:00:01]} Re2 {[%emt 0:00:01]} 47. Rb6 {[%emt 0:00:01]} Re1 {[%emt 0:00:01]} 48. Kf4 {[%emt 0:00:01]} Rc1 {[%emt 0:00:01]} 49. a4 {[%emt 0:00:01]} Ke7 {[%emt 0:00:01]} 50. a5 {[%emt 0:00:01]} Kd7 {[%emt 0:00:00]} 51. a6 {[%emt 0:00:01]} Kc7 {[%emt 0:00:00]} 52. Rb7+ {[%emt 0:00:01]} Kc8 {[%emt 0:00:01]} 53. h5 {[%emt 0:00:03]} Ra1 {[%emt 0:00:01]} 54. Rb6 {[%emt 0:00:01]} Kc7 {[%emt 0:00:01]} 55. Re6 {[%emt 0:00:03]} Kd7 {[%emt 0:00:01]} 56. d5 {[%emt 0:00:01]} Ra4+ {[%emt 0:00:02]} 57. b4 {[%emt 0:00:01]} Ra5 {[%emt 0:00:00]} 58. bxa5 {[%emt 0:00:01]} Kd8 {[%emt 0:00:01]} 59. a7 {[%emt 0:00:02]} Kd7 {[%emt 0:00:00]} 60. a8=Q {[%emt 0:00:01]} Kc7 {[%emt 0:00:01]} 61. Qc6+ {[%emt 0:00:02]} Kb8 {[%emt 0:00:01]} 62. Re8+ {[%emt 0:00:01]} Ka7 {[%emt 0:00:00]} 63. Qb6# {[%emt 0:00:01] (Lag: Av=0.54s, max=1.0s) (Lag: Av=0.54s, max=1.0s) (Lag: Av=0.54s, max=1.0s)} 1-0

[Event "399 Stay Safe Play From Home series"]
[Site "Emanuel Lasker Arena"]
[Date "2020.08.20"]
[Round "1"]
[White "Padmaesh M K"]
[Black "Aerocot"]
[Result "1-0"]
[WhiteElo "1800"]
[BlackElo "1709"]
[Annotator "NA"]
[PlyCount "65"]
[EventDate "2020.08.20"]
[EventType "swiss (blitz)"]

1. Nf3 {[%emt 0:00:04]} Nf6 {[%emt 0:00:02]} 2. g3 {[%emt 0:00:01]} e6 {[%emt 0:00:01]} 3. Bg2 {[%emt 0:00:01]} Be7 {[%emt 0:00:00]} 4. O-O {[%emt 0:00:01]} O-O {[%emt 0:00:00]} 5. c4 {[%emt 0:00:01]} d5 {[%emt 0:00:02]} 6. cxd5 {[%emt 0:00:05]} Nxd5 {[%emt 0:00:00]} 7. Nc3 {[%emt 0:00:02]} c6 {[%emt 0:00:04]} 8. e4 {[%emt 0:00:09]} Nxc3 {[%emt 0:00:02]} 9. dxc3 {[%emt 0:00:02]} Nd7 {[%emt 0:00:01]} 10. Bf4 {[%emt 0:00:02]} Qb6 {[%emt 0:00:05]} 11. Qc2 {[%emt 0:00:04]} Nf6 {[%emt 0:00:05]} 12. Rad1 {[%emt 0:00:05]} Nh5 {[%emt 0:00:05]} 13. Be3 {[%emt 0:00:07]} Bc5 {[%emt 0:00:08]} 14. Bxc5 {[%emt 0:00:13]} Qxc5 {[%emt 0:00:02]} 15. e5 {[%emt 0:00:01]} g6 {[%emt 0:00:04]} 16. Rfe1 {[%emt 0:00:08]} b6 {[%emt 0:00:06]} 17. Qd2 {[%emt 0:00:13]} Ng7 {[%emt 0:00:15]} 18. Qf4 {[%emt 0:00:15]} Qe7 {[%emt 0:00:04]} 19. Ng5 {[%emt 0:00:09]} Bb7 {[%emt 0:00:06]} 20. Ne4 {[%emt 0:00:03]} Nh5 {[%emt 0:00:08]} 21. Qh6 {[%emt 0:00:09]} f5 {[%emt 0:00:30]} 22. g4 {[%emt 0:00:33]} fxe4 {[%emt 0:00:12]} 23. gxh5 {[%emt 0:00:02]} Qh4 {[%emt 0:00:11]} 24. Rxe4 {[%emt 0:00:23]} Qxf2+ {[%emt 0:00:06]} 25. Kh1 {[%emt 0:00:02]} c5 {[%emt 0:00:16]} 26. Rd7 {[%emt 0:00:02]} Rf7 {[%emt 0:00:17]} 27. Rxf7 {[%emt 0:00:01]} Qxf7 {[%emt 0:00:03]} 28. hxg6 {[%emt 0:00:01]} Qxg6 {[%emt 0:00:01]} 29. Qxg6+ {[%emt 0:00:01]} hxg6 {[%emt 0:00:01]} 30. Re2 {[%emt 0:00:00]} Bxg2+ {[%emt 0:00:02]} 31. Kxg2 {[%emt 0:00:00]} Kg7 {[%emt 0:00:00]} 32. Kf2 {[%emt 0:00:01]} Rf8+ {[%emt 0:00:01]} 33. Kg2 {[%emt 0:00:00] ' ' (Lag: Av=1.15s, max=3.8s) (Lag: Av=1.15s, max=3.8s) ' (Lag: Av=1.15s, max=3.8s)} 1-0

[Event "399 Stay Safe Play From Home series"]
[Site "Emanuel Lasker Arena"]
[Date "2020.08.20"]
[Round "1"]
[White "Zink11"]
[Black "AChessPlayer"]
[Result "0-1"]
[WhiteElo "1633"]
[BlackElo "2437"]
[Annotator "NA"]
[PlyCount "70"]
[EventDate "2020.08.20"]
[EventType "swiss (blitz)"]

1. e4 {[%emt 0:00:02]} d6 {[%emt 0:00:03]} 2. d4 {[%emt 0:00:01]} Nf6 {[%emt 0:00:01]} 3. Nc3 {[%emt 0:00:03]} Nbd7 {[%emt 0:00:01]} 4. Bd3 {[%emt 0:00:01]} e6 {[%emt 0:00:01]} 5. f4 {[%emt 0:00:01]} e5 {[%emt 0:00:02]} 6. fxe5 {[%emt 0:00:01]} dxe5 {[%emt 0:00:00]} 7. d5 {[%emt 0:00:01]} Bc5 {[%emt 0:00:08]} 8. Nf3 {[%emt 0:00:03]} Ng4 {[%emt 0:00:13]} 9. Rf1 {[%emt 0:00:08]} O-O {[%emt 0:00:04]} 10. Bg5 {[%emt 0:00:03]} Ndf6 {[%emt 0:00:09]} 11. Qd2 {[%emt 0:00:02]} h6 {[%emt 0:00:02]} 12. Bh4 {[%emt 0:00:08]} Be3 {[%emt 0:00:31]} 13. Qe2 {[%emt 0:00:02]} g5 {[%emt 0:00:01]} 14. Bg3 {[%emt 0:00:03]} Bf4 {[%emt 0:00:04]} 15. Bxf4 {[%emt 0:00:03]} gxf4 {[%emt 0:00:02]} 16. h3 {[%emt 0:00:02]} Ne3 {[%emt 0:00:01]} 17. Rf2 {[%emt 0:00:02]} Qe7 {[%emt 0:00:02]} 18. Kd2 {[%emt 0:00:02]} c6 {[%emt 0:00:02]} 19. Rg1 {[%emt 0:00:07]} Kh8 {[%emt 0:00:01]} 20. g3 {[%emt 0:00:01]} cxd5 {[%emt 0:00:01]} 21. exd5 {[%emt 0:00:03]} e4 {[%emt 0:00:03]} 22. Nxe4 {[%emt 0:00:14]} Nxe4+ {[%emt 0:00:00]} 23. Bxe4 {[%emt 0:00:01]} Qxe4 {[%emt 0:00:12]} 24. gxf4 {[%emt 0:00:01]} Nc4+ {[%emt 0:00:09]} 25. Kc1 {[%emt 0:00:05]} Qxe2 {[%emt 0:00:02]} 26. Rxe2 {[%emt 0:00:02]} Bf5 {[%emt 0:00:02]} 27. Reg2 {[%emt 0:00:03]} Ne3 {[%emt 0:00:05]} 28. Rg7 {[%emt 0:00:04]} Bg6 {[%emt 0:00:03]} 29. R7xg6 {[%emt 0:00:04]} fxg6 {[%emt 0:00:00]} 30. Rxg6 {[%emt 0:00:03]} Rxf4 {[%emt 0:00:00]} 31. Ne5 {[%emt 0:00:10]} Kh7 {[%emt 0:00:04]} 32. Re6 {[%emt 0:00:05]} Rg8 {[%emt 0:00:07]} 33. d6 {[%emt 0:00:04]} Rf2 {[%emt 0:00:05]} 34. b3 {[%emt 0:00:03]} Rxc2+ {[%emt 0:00:02]} 35. Kb1 {[%emt 0:00:09]} Rg1# {[%emt 0:00:00] Mate Mate Mate} 0-1

[Event "399 Stay Safe Play From Home series"]
[Site "Emanuel Lasker Arena"]
[Date "2020.08.20"]
[Round "1"]
[White "Klasman"]
[Black "Kongle"]
[Result "0-1"]
[WhiteElo "1564"]
[BlackElo "1807"]
[Annotator "NA"]
[PlyCount "66"]
[EventDate "2020.08.20"]
[EventType "swiss (blitz)"]

1. f4 {[%emt 0:00:05]} d5 {[%emt 0:00:16]} 2. e3 {[%emt 0:00:01]} Bf5 {[%emt 0:00:02]} 3. d4 {[%emt 0:00:02]} Nf6 {[%emt 0:00:01]} 4. Nf3 {[%emt 0:00:01]} e6 {[%emt 0:00:01]} 5. c4 {[%emt 0:00:01]} dxc4 {[%emt 0:00:03]} 6. Bxc4 {[%emt 0:00:02]} Bb4+ {[%emt 0:00:00]} 7. Nc3 {[%emt 0:00:01]} O-O {[%emt 0:00:03]} 8. Bd2 {[%emt 0:00:02]} c5 {[%emt 0:00:03]} 9. a3 {[%emt 0:00:02]} Bxc3 {[%emt 0:00:03]} 10. bxc3 {[%emt 0:00:01]} Ne4 {[%emt 0:00:02]} 11. O-O {[%emt 0:00:04]} cxd4 {[%emt 0:00:03]} 12. cxd4 {[%emt 0:00:02]} Nc6 {[%emt 0:00:01]} 13. Bb4 {[%emt 0:00:05]} Re8 {[%emt 0:00:02]} 14. Nh4 {[%emt 0:00:04]} Qxh4 {[%emt 0:00:04]} 15. Qf3 {[%emt 0:00:06]} Qd8 {[%emt 0:00:08]} 16. g4 {[%emt 0:00:02]} Bg6 {[%emt 0:00:11]} 17. f5 {[%emt 0:00:02]} exf5 {[%emt 0:00:10]} 18. gxf5 {[%emt 0:00:01]} Nxd4 {[%emt 0:00:07]} 19. Qg4 {[%emt 0:00:10]} Bxf5 {[%emt 0:00:08]} 20. Rxf5 {[%emt 0:00:06]} Nxf5 {[%emt 0:00:02]} 21. Qxf5 {[%emt 0:00:01]} Nf6 {[%emt 0:00:08]} 22. Bc3 {[%emt 0:00:05]} Qd6 {[%emt 0:00:12]} 23. Rf1 {[%emt 0:00:03]} Rxe3 {[%emt 0:00:08]} 24. Bxf6 {[%emt 0:00:07]} Qxf6 {[%emt 0:00:03]} 25. Qxf6 {[%emt 0:00:02]} gxf6 {[%emt 0:00:02]} 26. Rxf6 {[%emt 0:00:01]} Rxa3 {[%emt 0:00:05]} 27. Rxf7 {[%emt 0:00:04]} Rc3 {[%emt 0:00:06]} 28. Rf4+ {[%emt 0:00:03]} Kg7 {[%emt 0:00:03]} 29. Kg2 {[%emt 0:00:06]} Rd8 {[%emt 0:00:05]} 30. Rf7+ {[%emt 0:00:03]} Kg6 {[%emt 0:00:03]} 31. Rxb7 {[%emt 0:00:20]} Rd2+ {[%emt 0:00:06]} 32. Kg1 {[%emt 0:00:08]} Rxc4 {[%emt 0:00:02]} 33. Rxa7 {[%emt 0:00:03]} Rc1# {[%emt 0:00:02] (Lag: Av=0.76s, max=3.5s) (Lag: Av=0.76s, max=3.5s) (Lag: Av=0.76s, max=3.5s)} 0-1

[Event "399 Stay Safe Play From Home series"]
[Site "Emanuel Lasker Arena"]
[Date "2020.08.20"]
[Round "2"]
[White "Mepe_Nika"]
[Black "Padmaesh M K"]
[Result "1-0"]
[WhiteElo "2355"]
[BlackElo "1813"]
[PlyCount "63"]
[EventDate "2020.08.20"]
[EventType "swiss (blitz)"]

1. d4 {[%emt 0:00:02]} Nf6 {[%emt 0:00:02]} 2. Nf3 {[%emt 0:00:01]} g6 {[%emt 0:00:01]} 3. Bg5 {[%emt 0:00:03]} Bg7 {[%emt 0:00:01]} 4. Nbd2 {[%emt 0:00:01]} O-O {[%emt 0:00:01]} 5. e4 {[%emt 0:00:00]} d6 {[%emt 0:00:01]} 6. c3 {[%emt 0:00:04]} Nbd7 {[%emt 0:00:04]} 7. Bc4 {[%emt 0:00:01]} e5 {[%emt 0:00:01]} 8. O-O {[%emt 0:00:04]} h6 {[%emt 0:00:05]} 9. Bh4 {[%emt 0:00:03]} g5 {[%emt 0:00:02]} 10. Bg3 {[%emt 0:00:01]} Nh5 {[%emt 0:00:04]} 11. dxe5 {[%emt 0:00:03]} Nxg3 {[%emt 0:00:02]} 12. hxg3 {[%emt 0:00:02]} Nxe5 {[%emt 0:00:02]} 13. Nxe5 {[%emt 0:00:02]} Bxe5 {[%emt 0:00:00]} 14. Re1 {[%emt 0:00:07]} Be6 {[%emt 0:00:02]} 15. Qh5 {[%emt 0:00:03]} Bg7 {[%emt 0:00:10]} 16. Rad1 {[%emt 0:00:02]} Qf6 {[%emt 0:00:02]} 17. Bd5 {[%emt 0:00:07]} c6 {[%emt 0:00:03]} 18. Bxe6 {[%emt 0:00:01]} Qxe6 {[%emt 0:00:01]} 19. Nb3 {[%emt 0:00:04]} Kh7 {[%emt 0:00:07]} 20. Nd4 {[%emt 0:00:09]} Bxd4 {[%emt 0:00:05]} 21. Rxd4 {[%emt 0:00:00]} Rad8 {[%emt 0:00:02]} 22. Red1 {[%emt 0:00:04]} Kg7 {[%emt 0:00:13]} 23. a4 {[%emt 0:00:01]} Rfe8 {[%emt 0:00:03]} 24. a5 {[%emt 0:00:01]} Re7 {[%emt 0:00:01]} 25. b4 {[%emt 0:00:01]} Red7 {[%emt 0:00:03]} 26. f4 {[%emt 0:00:05]} Qg6 {[%emt 0:00:09]} 27. Qg4 {[%emt 0:00:10]} h5 {[%emt 0:00:09]} 28. Qe2 {[%emt 0:00:05]} g4 {[%emt 0:00:02]} 29. e5 {[%emt 0:00:03]} Qe6 {[%emt 0:00:03]} 30. Qd3 {[%emt 0:00:04]} d5 {[%emt 0:00:08]} 31. Re1 {[%emt 0:00:01]} Re7 {[%emt 0:00:04]} 32. f5 {[%emt 0:00:01] Padmaesh M K resigns Padmaesh M K resigns Padmaesh M K resigns (Lag: Av=0.42s, max=0.5s) (Lag: Av=0.42s, max=0.5s) (Lag: Av=0.42s, max=0.5s)} 1-0

[Event "399 Stay Safe Play From Home series"]
[Site "Emanuel Lasker Arena"]
[Date "2020.08.20"]
[Round "2"]
[White "Kongle"]
[Black "AChessPlayer"]
[Result "0-1"]
[WhiteElo "1813"]
[BlackElo "2437"]
[PlyCount "52"]
[EventDate "2020.08.20"]
[EventType "swiss (blitz)"]

1. e4 {[%emt 0:00:05]} d6 {[%emt 0:00:03]} 2. d4 {[%emt 0:00:02]} Nf6 {[%emt 0:00:01]} 3. Nc3 {[%emt 0:00:02]} Nbd7 {[%emt 0:00:01]} 4. Bd3 {[%emt 0:00:01]} e5 {[%emt 0:00:01]} 5. dxe5 {[%emt 0:00:03]} dxe5 {[%emt 0:00:01]} 6. Bc4 {[%emt 0:00:03]} Be7 {[%emt 0:00:01]} 7. Nf3 {[%emt 0:00:02]} c6 {[%emt 0:00:01]} 8. O-O {[%emt 0:00:02]} Qc7 {[%emt 0:00:02]} 9. h3 {[%emt 0:00:04]} h6 {[%emt 0:00:01]} 10. a3 {[%emt 0:00:02]} Nf8 {[%emt 0:00:01]} 11. Be3 {[%emt 0:00:06]} Be6 {[%emt 0:00:05]} 12. Qe2 {[%emt 0:00:09]} g5 {[%emt 0:00:04]} 13. Rfd1 {[%emt 0:00:10]} b5 {[%emt 0:00:07]} 14. Bxe6 {[%emt 0:00:09]} Nxe6 {[%emt 0:00:01]} 15. b4 {[%emt 0:00:10]} a5 {[%emt 0:00:04]} 16. Rd2 {[%emt 0:00:40]} axb4 {[%emt 0:00:03]} 17. Nd5 {[%emt 0:00:10]} cxd5 {[%emt 0:00:04]} 18. exd5 {[%emt 0:00:01]} Nd4 {[%emt 0:00:14]} 19. Bxd4 {[%emt 0:00:10]} exd4 {[%emt 0:00:01]} 20. Qxb5+ {[%emt 0:00:11]} Qd7 {[%emt 0:00:03]} 21. Qxd7+ {[%emt 0:00:12]} Kxd7 {[%emt 0:00:01]} 22. Nxd4 {[%emt 0:00:09]} Rxa3 {[%emt 0:00:05]} 23. Re1 {[%emt 0:00:07]} Bd6 {[%emt 0:00:03]} 24. Nb5 {[%emt 0:00:04]} Ra5 {[%emt 0:00:01]} 25. Nxd6 {[%emt 0:00:01]} Kxd6 {[%emt 0:00:00]} 26. Rd4 {[%emt 0:00:02]} Rb8 {[%emt 0:00:02] Time Time Time (Lag: Av=0.75s, max=0.9s) (Lag: Av=0.75s, max=0.9s) (Lag: Av=0.75s, max=0.9s)} 0-1

[Event "399 Stay Safe Play From Home series"]
[Site "Emanuel Lasker Arena"]
[Date "2020.08.20"]
[Round "2"]
[White "Buzaglo"]
[Black "Klasman"]
[Result "1-0"]
[WhiteElo "1720"]
[BlackElo "1557"]
[Annotator "NA"]
[PlyCount "71"]
[EventDate "2020.08.20"]
[EventType "swiss (blitz)"]

1. d4 {[%emt 0:00:01]} f5 {[%emt 0:00:01]} 2. Nf3 {[%emt 0:00:01]} Nf6 {[%emt 0:00:01]} 3. g3 {[%emt 0:00:01]} e6 {[%emt 0:00:01]} 4. Bg2 {[%emt 0:00:01]} d5 {[%emt 0:00:01]} 5. O-O {[%emt 0:00:01]} c5 {[%emt 0:00:01]} 6. Nbd2 {[%emt 0:00:02]} Nc6 {[%emt 0:00:01]} 7. c3 {[%emt 0:00:01]} Bd6 {[%emt 0:00:02]} 8. dxc5 {[%emt 0:00:08]} Bxc5 {[%emt 0:00:02]} 9. Nb3 {[%emt 0:00:00]} Bd6 {[%emt 0:00:02]} 10. Nbd4 {[%emt 0:00:01]} e5 {[%emt 0:00:06]} 11. Nb5 {[%emt 0:00:04]} O-O {[%emt 0:00:04]} 12. Nxd6 {[%emt 0:00:02]} Qxd6 {[%emt 0:00:02]} 13. Ne1 {[%emt 0:00:01]} Be6 {[%emt 0:00:02]} 14. Nc2 {[%emt 0:00:03]} Rad8 {[%emt 0:00:03]} 15. a3 {[%emt 0:00:03]} a5 {[%emt 0:00:02]} 16. b4 {[%emt 0:00:02]} axb4 {[%emt 0:00:04]} 17. axb4 {[%emt 0:00:01]} e4 {[%emt 0:00:05]} 18. Bf4 {[%emt 0:00:02]} Qe7 {[%emt 0:00:09]} 19. Nd4 {[%emt 0:00:04]} Nxd4 {[%emt 0:00:01]} 20. Qxd4 {[%emt 0:00:00]} Nh5 {[%emt 0:00:03]} 21. Bd2 {[%emt 0:00:07]} g5 {[%emt 0:00:04]} 22. Ra7 {[%emt 0:00:11]} Rc8 {[%emt 0:00:13]} 23. Qb6 {[%emt 0:00:09]} Rc7 {[%emt 0:00:08]} 24. Bxg5 {[%emt 0:00:08]} Qxg5 {[%emt 0:00:08]} 25. Qxc7 {[%emt 0:00:01]} Rf7 {[%emt 0:00:06]} 26. Qb8+ {[%emt 0:00:13]} Kg7 {[%emt 0:00:03]} 27. Rxb7 {[%emt 0:00:03]} f4 {[%emt 0:00:07]} 28. Rxf7+ {[%emt 0:00:02]} Bxf7 {[%emt 0:00:02]} 29. h4 {[%emt 0:00:06]} Qg6 {[%emt 0:00:13]} 30. Qe5+ {[%emt 0:00:03]} Kf8 {[%emt 0:00:21]} 31. b5 {[%emt 0:00:10]} fxg3 {[%emt 0:00:01]} 32. f3 {[%emt 0:00:01]} Qh6 {[%emt 0:00:30]} 33. fxe4 {[%emt 0:00:17]} Qe3+ {[%emt 0:00:03]} 34. Kh1 {[%emt 0:00:01]} Qxe2 {[%emt 0:00:09] Buzaglo reconnected. Buzaglo reconnected. Buzaglo reconnected. . . .} 35. Qh8+ {[%emt 0:00:02]} Ke7 {[%emt 0:00:01]} 36. Qxh7 {[%emt 0:00:07] Time Time Time (Lag: Av=0.72s, max=1.2s) (Lag: Av=0.72s, max=1.2s) (Lag: Av=0.72s, max=1.2s)} 1-0

[Event "399 Stay Safe Play From Home series"]
[Site "Emanuel Lasker Arena"]
[Date "2020.08.20"]
[Round "2"]
[White "Aerocot"]
[Black "Ionelluca"]
[Result "0-1"]
[WhiteElo "1697"]
[BlackElo "1986"]
[PlyCount "50"]
[EventDate "2020.08.20"]
[EventType "swiss (blitz)"]

1. d4 {[%emt 0:00:02]} Nf6 {[%emt 0:00:01]} 2. c4 {[%emt 0:00:02]} e6 {[%emt 0:00:02]} 3. Nf3 {[%emt 0:00:01]} b6 {[%emt 0:00:02]} 4. Nc3 {[%emt 0:00:01]} Bb4 {[%emt 0:00:02]} 5. Bf4 {[%emt 0:00:03]} Bb7 {[%emt 0:00:01]} 6. e3 {[%emt 0:00:14]} Ne4 {[%emt 0:00:03]} 7. Rc1 {[%emt 0:00:02]} f5 {[%emt 0:00:03]} 8. Be2 {[%emt 0:00:02]} O-O {[%emt 0:00:04]} 9. O-O {[%emt 0:00:02]} Nxc3 {[%emt 0:00:01]} 10. bxc3 {[%emt 0:00:01]} Be7 {[%emt 0:00:01]} 11. d5 {[%emt 0:00:02]} Na6 {[%emt 0:00:03]} 12. d6 {[%emt 0:00:09]} Bf6 {[%emt 0:00:02]} 13. dxc7 {[%emt 0:00:06]} Nxc7 {[%emt 0:00:01]} 14. Qd6 {[%emt 0:00:07]} Na6 {[%emt 0:00:07]} 15. Nd4 {[%emt 0:00:02]} Rc8 {[%emt 0:00:05]} 16. Rfd1 {[%emt 0:00:05]} Nc5 {[%emt 0:00:02]} 17. f3 {[%emt 0:00:25]} Qe8 {[%emt 0:00:03]} 18. Nb5 {[%emt 0:00:14]} e5 {[%emt 0:00:07]} 19. Bg3 {[%emt 0:00:10]} Qg6 {[%emt 0:00:02]} 20. Bxe5 {[%emt 0:00:25]} Rc6 {[%emt 0:00:09]} 21. Qd4 {[%emt 0:00:09]} Bxe5 {[%emt 0:00:13]} 22. Qxe5 {[%emt 0:00:02]} Re6 {[%emt 0:00:00]} 23. Qd4 {[%emt 0:00:05]} Qg5 {[%emt 0:00:09]} 24. Nc7 {[%emt 0:00:19]} Rxe3 {[%emt 0:00:07]} 25. Nd5 {[%emt 0:00:06]} Rxe2 {[%emt 0:00:05] Time Time Time (Lag: Av=1.00s, max=2.0s) (Lag: Av=1.00s, max=2.0s) (Lag: Av=1.00s, max=2.0s)} 0-1

[Event "399 Stay Safe Play From Home series"]
[Site "Emanuel Lasker Arena"]
[Date "2020.08.20"]
[Round "3"]
[White "AChessPlayer"]
[Black "Mepe_Nika"]
[Result "1/2-1/2"]
[WhiteElo "2438"]
[BlackElo "2356"]
[PlyCount "75"]
[EventDate "2020.08.20"]
[EventType "swiss (blitz)"]

1. d4 {[%emt 0:00:03]} d5 {[%emt 0:00:01]} 2. c4 {[%emt 0:00:01]} c6 {[%emt 0:00:01]} 3. Nf3 {[%emt 0:00:01]} Nf6 {[%emt 0:00:01]} 4. Nc3 {[%emt 0:00:01]} e6 {[%emt 0:00:00]} 5. Bg5 {[%emt 0:00:02]} Nbd7 {[%emt 0:00:01]} 6. e3 {[%emt 0:00:03]} Qa5 {[%emt 0:00:01]} 7. cxd5 {[%emt 0:00:01]} Nxd5 {[%emt 0:00:02]} 8. Qd2 {[%emt 0:00:01]} Bb4 {[%emt 0:00:02]} 9. Rc1 {[%emt 0:00:01]} Nxc3 {[%emt 0:00:01]} 10. bxc3 {[%emt 0:00:01]} Ba3 {[%emt 0:00:00]} 11. Rb1 {[%emt 0:00:01]} b6 {[%emt 0:00:01]} 12. c4 {[%emt 0:00:02]} Qxd2+ {[%emt 0:00:03]} 13. Nxd2 {[%emt 0:00:00]} Be7 {[%emt 0:00:03]} 14. Bf4 {[%emt 0:00:02]} O-O {[%emt 0:00:03]} 15. Be2 {[%emt 0:00:04]} Bb7 {[%emt 0:00:04]} 16. Bf3 {[%emt 0:00:06]} Rac8 {[%emt 0:00:02]} 17. O-O {[%emt 0:00:02]} Ba6 {[%emt 0:00:02]} 18. Rfc1 {[%emt 0:00:03]} c5 {[%emt 0:00:02]} 19. a4 {[%emt 0:00:12]} cxd4 {[%emt 0:00:02]} 20. exd4 {[%emt 0:00:01]} Rfd8 {[%emt 0:00:07]} 21. Be3 {[%emt 0:00:11]} e5 {[%emt 0:00:05]} 22. Bg4 {[%emt 0:00:23]} exd4 {[%emt 0:00:22]} 23. Bxd4 {[%emt 0:00:03]} g6 {[%emt 0:00:01]} 24. a5 {[%emt 0:00:05]} f5 {[%emt 0:00:04]} 25. Bf3 {[%emt 0:00:01]} Nf6 {[%emt 0:00:04]} 26. Bxf6 {[%emt 0:00:05]} Bxf6 {[%emt 0:00:00]} 27. Bd5+ {[%emt 0:00:01]} Kg7 {[%emt 0:00:01]} 28. axb6 {[%emt 0:00:01]} axb6 {[%emt 0:00:05]} 29. Nf3 {[%emt 0:00:15]} b5 {[%emt 0:00:11]} 30. cxb5 {[%emt 0:00:06]} Bxb5 {[%emt 0:00:12]} 31. Rxc8 {[%emt 0:00:05]} Rxc8 {[%emt 0:00:00]} 32. h4 {[%emt 0:00:01]} Bc6 {[%emt 0:00:21]} 33. Bxc6 {[%emt 0:00:26]} Rxc6 {[%emt 0:00:00]} 34. Rb7+ {[%emt 0:00:01]} Kh6 {[%emt 0:00:05]} 35. g3 {[%emt 0:00:01]} Re6 {[%emt 0:00:07]} 36. Rd7 {[%emt 0:00:01]} Re7 {[%emt 0:00:02]} 37. Rxe7 {[%emt 0:00:02]} Bxe7 {[%emt 0:00:00]} 38. Kg2 {[%emt 0:00:00] AChessPlayer offers a draw AChessPlayer offers a draw AChessPlayer offers a draw (Lag: Av=0.45s, max=0.7s) (Lag: Av=0.45s, max=0.7s) (Lag: Av=0.45s, max=0.7s)} 1/2-1/2